Eraclio Zepeda: autonomías indias, única forma de revertir la conquista. Entrevista /
Gorde:
| Egile nagusia: | |
|---|---|
| Formatua: | Texto |
| Etiketak: |
Etiketa erantsi
Etiketarik gabe, Izan zaitez lehena erregistro honi etiketa jartzen!
|
MARC
| LEADER | 00000 a a2200000 04500 | ||
|---|---|---|---|
| 001 | 1438 | ||
| 003 | |||
| 040 | |||
| 100 | |a Ross, Yazmín | ||
| 245 | |a Eraclio Zepeda: |b autonomías indias, única forma de revertir la conquista. Entrevista / |c Yazmín Ross | ||
| 773 | |g número 82; páginas 18-21 | ||
| 999 | |c 26547 |d 26547 | ||
